عرض عادي
عرض مارك
- Abrams, M. H.
مدخل إسم شخص
001 - رقم الضبط
- حقل الضبط: 56353
003 - معرف رقم الضبط
- حقل الضبط: OSt
005 - تاريخ ووقت أخر عملية
- حقل الضبط: 20160827125435.0
008 - عناصر بيانات ثابتة الطول
- حقل تحكم ثابت الطول: 160827|| aca||aabn | a|a d
040 ## - مصدر الفهرسة
- هيئة الفهرسة الأصلية: OSt
- وكالة الكتابة: OSt
100 ## - مدخل -- أسم شخص
- إسم شخص: Abrams, M. H.
- الشكل الكامل للاسم: (Meyer Howard),
- تواريخ مرتبطة بالاسم: 1912-2015.
670 ## - بيانات المصدر موجوده
- الاستشهاد بالمصدر: Work cat.: (OSt)0: Abrams, M. H. (Meyer Howard), 1912-2015., The correspondent breeze :, c1984.
